The field of solar physics (Record no. 64820)
[ view plain ]
| 000 -LEADER | |
|---|---|
| fixed length control field | 01314nam a2200289Ia 4500 |
| 082 04 - DEWEY DECIMAL CLASSIFICATION NUMBER | |
| Classification number | 523.7 |
| 245 14 - TITLE STATEMENT | |
| Title | The field of solar physics |
| 260 ## - PUBLICATION, DISTRIBUTION, ETC. (IMPRINT) | |
| Place of publication | Washington, D.C. : |
| Name of publisher | National Academy Press, |
| Year of publication | 1989. |
| 300 ## - PHYSICAL DESCRIPTION | |
| Number of Pages | viii, 64 p. : |
| Other physical details | ill. |
| 650 #0 - SUBJECT ADDED ENTRY--TOPICAL TERM | |
| Topical Term | Astronomy. |
| 856 40 - ELECTRONIC LOCATION AND ACCESS | |
| Uniform Resource Identifier | http://site.ebrary.com/lib/rucke/Doc?id=10055416 |
No items available.
